|
|
|
|
| LEADER |
01034nam a22002772a 4500 |
| 001 |
000253022 |
| 003 |
CZ BrMZK |
| 005 |
20121119085620.0 |
| 007 |
ta |
| 008 |
970103s1986 xr f cze d |
| 015 |
|
|
|a cnb000032235
|
| 035 |
|
|
|a (OCoLC)39402432
|
| 040 |
|
|
|a BOA001
|b cze
|
| 080 |
9 |
|
|a 621.9(075)
|
| 100 |
1 |
|
|a Šebela, Antonín
|7 mzk2012733223
|4 aut
|
| 245 |
1 |
0 |
|a Výrobní stroje.
|n 1. díl,
|p Obráběcí stroje /
|c Antonín Šebela
|
| 246 |
3 |
0 |
|a Obráběcí stroje
|
| 250 |
|
|
|a 1. vyd.
|
| 260 |
|
|
|a Ostrava :
|b VŠB-Technická univerzita,
|c 1986
|
| 300 |
|
|
|a 267 s.
|
| 910 |
|
|
|a BOA001
|b TK-A-0230.415,1
|b 4-0916.004,1
|
| 964 |
|
|
|a Výrobní stroje - učebnice - vysoké školy
|
| 990 |
|
|
|a BK
|
| 996 |
7 |
|
|b 2619074878
|c 4-0916.004,1
|l MZK
|r Sklad / do 1 hodiny
|n 2
|w 000253022
|u 000030
|a 1
|e BOA001
|j MZK50
|s A
|
| 996 |
7 |
|
|b 2629961188
|c TK-A-0230.415/1
|l MZK
|r Sklad / do 24 hodin
|n 4
|w 000253022
|u 000010
|a 1
|e BOA001
|j MZK50
|s A
|
| 996 |
7 |
|
|b 2629961199
|c TK-A-0230.415/1
|l MZK
|r Sklad / do 24 hodin
|n 4
|w 000253022
|u 000020
|a 1
|e BOA001
|j MZK50
|s A
|